| 000 | 03968nam a2200481Ia 4500 | ||
|---|---|---|---|
| 001 | dia_6387 | ||
| 003 | CHAP | ||
| 005 | 20240806132029.0 | ||
| 007 | ta | ||
| 008 | 220117s2016 mx abdofrm 001 0 spa d | ||
| 010 | _a177837 | ||
| 040 |
_cCHAP _amxchpua |
||
| 041 | 0 |
_aspa _beng |
|
| 090 |
_aTesis _bB46 _c2016 |
||
| 100 | 1 | _aBenítez Avila, Melissa | |
| 240 | 1 | 0 |
_aContrast of environmental impact of two production systems vine with fines agroindustriales. _lEspañol |
| 245 | 1 | 3 |
_aComparación de impacto ambiental de dos sistemas de producción de vid con fines agroindustriales / _cMelissa Bénitez Avila |
| 264 |
_aChapingo, México : _bEl autor, _c2016 |
||
| 300 |
_aviii, 44 hojas : _bilustraciones, mapas, gráficas, tablas, fotos + _e1 CD-ROM |
||
| 336 |
_2rdacontent _atexto _btxt |
||
| 337 |
_2rdamedia _ano mediado _bn |
||
| 338 |
_2rdacarrier _avolumen _bnc |
||
| 500 | _aEl CD contiene seminario y reporte | ||
| 502 |
_aTesis _b(Ingeniero Agroindustrial) -- _cUACh. Departamento de Ingeniería Agroindustrial, _d2016 |
||
| 504 | _aBibliografía: hojas 42-44 | ||
| 520 | 3 | _aLa agricultura es una de las principales causas de emisiones de gases de efecto invernadero en la atmosfera, a través de las prácticas culturales y la utilización de productos fitosanitarios. El objetivo del trabajo fue evaluar la influencia que tienen las prácticas culturales en las emisiones de GEI (N2O, CO2 y CH4) y ecotoxicidad, para determinar su impacto en dos sistemas de cultivo vid. Los resultados muestran que la utilización de herbicidas genera un impacto al ambiente calculado a través de IFT (Índice de Frecuencia de Tratamiento) igual a 0.5, considerado como bajo con respecto a la norma en donde el IFT medio es de 1.7 para "Pays de la Loire". Mientras que para el Potencial de Calentamiento Global (PCG) fue significativamente mayor para la parcela convencional con un 66.90 kg de CO2 eq.ha-1 en comparación con la parcela en conversión bio con 45.63 kg de CO2 eq.ha-La ecotoxicidad es principalmente derivada de las sustancias activas de los productos fitosanitarios utilizados, donde la mayor emisión de estas sustancias es absorbida por el recubrimiento vegetal. Las prácticas culturales, así como el tipo de maquinaria influyen en las emisiones de GEI. -- | |
| 520 | 3 | _aThe agriculture is one of the main causes of emissions of greenhouse gases (GHG) in the atmosphere, through cultural practices and the use of plant protection products. The objective was to evaluate the influence of cultural practices on emissions the GHG (N2O, CO2 y CH4) and ecotoxicity, to determine its impacto on two vine cultivation systems. The results show that the use of herbicides generates an impact to the enviroment calculated by the TFI (Treatment Frequency Index), same to 0.5, considered low compared to the standard where the medium is 1.7 for "Pays de la Loire". As for the Global Warming Potential (GWP) was significantly higher for conventional plot with 66.90 kg de CO2 eq.ha-1 in contrast with bio conversion plot with 45.63 kg de CO2 eq.ha-The ecotoxicity is mainly derived from the active substances of plant protection products used, where most emissions of these substances is absorbed by the coating plant. The cultural practices and the type of machine influence emissions the GHG. | |
| 650 | 1 | 3 |
_aImpacto ambiental _2atg |
| 650 | 1 | 3 |
_aUvas de vino _2atg |
| 650 | 1 | 3 |
_aViñas _2atg |
| 650 | 1 | 3 |
_aVineyards _2atg |
| 650 | 1 | 3 |
_aEnvironmental impact _2atg |
| 650 | 1 | 3 |
_aWine grapes _2atg |
| 700 | 0 |
_aMaldonado Simán, Ema de Jesús _edirectora |
|
| 700 | 1 |
_aEspinosa Solares, Teodoro _easesor |
|
| 700 | 1 |
_aMartínez Romero, Salvador _easesor |
|
| 856 | 4 | 1 |
_uhttp://10.13.5.2/tesis/sist113179.pdf _yDESCARGAR PDF |
| 901 | _aTESIS B46 2016 | ||
| 902 | _aM | ||
| 905 | _a5232272016 mx mnl 8223123322spa16 | ||
| 942 |
_cTESIS _2Clasificación Universidad Autónoma Chapingo |
||
| 999 |
_c177837 _d177837 |
||